[Event "35th National Team Chess Championship- 2015"]
[Site "Caritas Goa Holiday Home, NR, Caculo Circle, St In"]
[Date "2015.02.22"]
[Round "4"]
[Board "2"]
[White "Bakre, Tejas"]
[Black "Deepan, Chakkravarthy J."]
[Result "1/2-1/2"]
[WhiteElo "2457"]
[BlackElo "2487"]
[PlyCount "96"]
[EventDate "2015.02.20"]
[EventType "team"]
[EventRounds "9"]
[EventCountry "IND"]
[WhiteTeam "Air India"]
[BlackTeam "Railways - A"]

1. Nf3 d5 2. d4 e6 3. c4 c6 4. Qc2 Bb4+ 5. Bd2 Bxd2+ 6. Nbxd2 f5 7. g3 Nf6 8.
Bg2 O-O 9. O-O Qe7 10. Ne5 Nbd7 11. Ndf3 Ne4 12. Nxd7 Bxd7 13. Ne5 Ng5 14. e3
Nf7 15. Nd3 Kh8 16. Rac1 Rae8 17. Qa4 a6 18. Qb4 Qxb4 19. Nxb4 dxc4 20. Rxc4 a5
21. Nd3 e5 22. dxe5 Nxe5 23. Rd4 Nxd3 24. Rxd7 Nc5 25. Rd4 Rd8 26. Rfd1 Rxd4
27. Rxd4 Kg8 28. a3 Ra8 29. h3 Kf8 30. b4 axb4 31. axb4 Ne6 32. Rd7 Rb8 33. b5
Nc5 34. Rd1 cxb5 35. Rd5 Rc8 36. Rxf5+ Ke7 37. Rf4 Nd3 38. Re4+ Kf6 39. Rd4
Rc1+ 40. Kh2 Nc5 41. g4 Rc4 42. Rd6+ Ke7 43. Rb6 b4 44. Bd5 Rc2 45. Rxb4 Rxf2+
46. Kg3 Re2 47. Kf3 Rh2 48. Kg3 Re2 1/2-1/2

[Event "35th National Team Chess Championship- 2015"]
[Site "Caritas Goa Holiday Home, NR, Caculo Circle, St In"]
[Date "2015.02.22"]
[Round "4"]
[Board "3"]
[White "Thejkumar, M. S."]
[Black "Satyapragyan, Swayangsu"]
[Result "1-0"]
[WhiteElo "2438"]
[BlackElo "2409"]
[PlyCount "117"]
[EventDate "2015.02.20"]
[EventType "team"]
[EventRounds "9"]
[EventCountry "IND"]
[WhiteTeam "Railways - A"]
[BlackTeam "Air India"]

1. d4 e6 2. c4 Bb4+ 3. Bd2 Bxd2+ 4. Qxd2 f5 5. g3 Nf6 6. Bg2 O-O 7. Nc3 d6 8.
Nf3 Qe7 9. O-O c6 10. Rad1 d5 11. Qc2 Ne4 12. Ne5 Nd7 13. Nxe4 fxe4 14. Nxd7
Bxd7 15. f3 exf3 16. exf3 Qb4 17. c5 b6 18. a3 Qa5 19. Rfe1 bxc5 20. dxc5 Rab8
21. Re3 Qd8 22. Rde1 a5 23. f4 Qf6 24. Re5 Rb7 25. b3 Rfb8 26. R1e3 Qg6 27. Qd1
Rb5 28. Rc3 Qf6 29. Bf1 R5b7 30. Bh3 Kh8 31. Rce3 Qf8 32. Bxe6 Qxc5 33. Bxd7
Rxd7 34. Qc2 Qa7 35. Qxc6 h6 36. Kg2 Qb7 37. Qxb7 Rbxb7 38. Rd3 Rb5 39. a4 Rc5
40. Kf3 Kg8 41. Ke3 d4+ 42. Ke4 Rc1 43. Rxa5 Re1+ 44. Kf3 Rf1+ 45. Ke2 Rh1 46.
h4 Rc7 47. Rxd4 Rc2+ 48. Kd3 Rg2 49. Ra8+ Kh7 50. b4 Rxg3+ 51. Kc4 Rxh4 52. a5
Rh1 53. a6 Ra1 54. b5 Rg6 55. Rad8 h5 56. R8d6 h4 57. f5 Rxd6 58. Rxd6 h3 59.
Rd3 1-0

[Event "35th National Team Chess Championship- 2015"]
[Site "Caritas Goa Holiday Home, NR, Caculo Circle, St In"]
[Date "2015.02.22"]
[Round "4"]
[Board "4"]
[White "Gokhale, Chandrashekhar"]
[Black "Himanshu, Sharma"]
[Result "1/2-1/2"]
[WhiteElo "2233"]
[BlackElo "2425"]
[PlyCount "75"]
[EventDate "2015.02.20"]
[EventType "team"]
[EventRounds "9"]
[EventCountry "IND"]
[WhiteTeam "Air India"]
[BlackTeam "Railways - A"]

1. d4 Nf6 2. Nf3 e6 3. Bf4 c5 4. e3 Nc6 5. Nbd2 Be7 6. c3 Nh5 7. Bg3 d6 8. Bd3
a6 9. a4 g6 10. Be2 O-O 11. dxc5 dxc5 12. Nc4 Nxg3 13. Qxd8 Rxd8 14. hxg3 h5
15. e4 Bd7 16. a5 Kg7 17. Nfd2 Na7 18. Nb6 Rab8 19. Nxd7 Rxd7 20. Nc4 Nc8 21.
O-O b5 22. axb6 Nxb6 23. Ne5 Rd2 24. Nc6 Re8 25. Bxa6 Rxb2 26. Rfb1 Rxb1+ 27.
Rxb1 Na4 28. c4 Nc3 29. Re1 Bf8 30. Bb7 Na2 31. Rd1 Nb4 32. Rd7 Nxc6 33. Bxc6
Re7 34. f4 Rxd7 35. Bxd7 Bd6 36. Kf2 Bc7 37. Kf3 Ba5 38. g4 1/2-1/2

[Event "35th National Team Chess Championship- 2015"]
[Site "Caritas Goa Holiday Home, NR, Caculo Circle, St In"]
[Date "2015.02.22"]
[Round "4"]
[Board "1"]
[White "Patil, Pratik"]
[Black "Laxman, R.R."]
[Result "1/2-1/2"]
[WhiteElo "2140"]
[BlackElo "2377"]
[PlyCount "69"]
[EventDate "2015.02.20"]
[EventType "team"]
[EventRounds "9"]
[EventCountry "IND"]
[WhiteTeam "MCA Senior, Maharashtra"]
[BlackTeam "Railways - B"]

1. e4 e5 2. Nf3 Nc6 3. Bb5 a6 4. Ba4 Nf6 5. d3 b5 6. Bb3 Bc5 7. O-O d6 8. c3
Bb6 9. Nbd2 O-O 10. h3 Be6 11. Re1 h6 12. Nf1 Re8 13. Ng3 d5 14. Qe2 Rb8 15.
Bd2 a5 16. c4 dxc4 17. dxc4 bxc4 18. Bxc4 Nd4 19. Nxd4 Bxd4 20. Bc3 Bxc3 21.
bxc3 Qd6 22. Rab1 Rb6 23. Bxe6 Qxe6 24. Nf5 Rxb1 25. Rxb1 Qc6 26. Rb8 Qxc3 27.
Qb5 Rxb8 28. Qxb8+ Kh7 29. Qf8 Qc1+ 30. Kh2 Qg5 31. f3 Qf4+ 32. Kg1 Qc1+ 33.
Kh2 Qf4+ 34. Kg1 Qc1+ 35. Kh2 1/2-1/2

[Event "35th National Team Chess Championship- 2015"]
[Site "Caritas Goa Holiday Home, NR, Caculo Circle, St In"]
[Date "2015.02.22"]
[Round "4"]
[Board "2"]
[White "Roy Chowdhury, Saptarshi"]
[Black "Dodeja, Pawan"]
[Result "1-0"]
[WhiteElo "2426"]
[BlackElo "2179"]
[PlyCount "89"]
[EventDate "2015.02.20"]
[EventType "team"]
[EventRounds "9"]
[EventCountry "IND"]
[WhiteTeam "Railways - B"]
[BlackTeam "MCA Senior, Maharashtra"]

1. e4 e5 2. Nf3 Nc6 3. Bc4 Bc5 4. c3 Nf6 5. d3 a6 6. Bb3 Ba7 7. O-O d6 8. Nbd2
Ne7 9. Re1 Ng6 10. Nf1 O-O 11. h3 Be6 12. d4 Qc8 13. Ng3 h6 14. Bc2 c5 15. d5
Bd7 16. c4 b5 17. Be3 Nf4 18. Bxf4 exf4 19. Nf1 bxc4 20. Qd2 c3 21. bxc3 c4 22.
Qxf4 Qc5 23. Qd2 Rfe8 24. Ng3 Rab8 25. Rab1 Bb6 26. e5 dxe5 27. Nxe5 Bb5 28.
Ne4 Nxe4 29. Rxe4 Rbd8 30. Ng4 Rxd5 31. Rxb5 Rxe4 32. Rxc5 Rxd2 33. Rc8+ Kh7
34. Bxe4+ g6 35. Rc6 Ba5 36. Nf6+ Kg7 37. Nd5 Rxa2 38. Rxa6 Ra1+ 39. Kh2 Bxc3
40. Rxa1 Bxa1 41. Kg3 f5 42. Bb1 Be5+ 43. f4 Bd4 44. Kf3 Kf7 45. Ba2 1-0

[Event "35th National Team Chess Championship- 2015"]
[Site "Caritas Goa Holiday Home, NR, Caculo Circle, St In"]
[Date "2015.02.22"]
[Round "4"]
[Board "3"]
[White "Pranav, Shetty"]
[Black "Swapnil, S. Dhopade"]
[Result "0-1"]
[WhiteElo "2211"]
[BlackElo "2438"]
[PlyCount "96"]
[EventDate "2015.02.20"]
[EventType "team"]
[EventRounds "9"]
[EventCountry "IND"]
[WhiteTeam "MCA Senior, Maharashtra"]
[BlackTeam "Railways - B"]

1. e4 c6 2. d4 d5 3. Nd2 dxe4 4. Nxe4 Bf5 5. Ng3 Bg6 6. h4 h6 7. Nf3 Nd7 8. h5
Bh7 9. Bd3 Bxd3 10. Qxd3 e6 11. Bd2 Ngf6 12. O-O-O Be7 13. Kb1 O-O 14. Ne4 Nxe4
15. Qxe4 Nf6 16. Qe2 Qd5 17. Rhe1 Qb5 18. c4 Qxh5 19. Ka1 Rfd8 20. g4 Nxg4 21.
Rh1 Qf5 22. Rdg1 h5 23. Bc3 g6 24. Rg2 b5 25. Nh4 Bxh4 26. Rxh4 b4 27. Bxb4
Rxd4 28. Bc3 Qd3 29. Qxd3 Rxd3 30. Kb1 f5 31. Rg3 Rad8 32. Kc2 Rxg3 33. fxg3 e5
34. b4 Kf7 35. a4 a6 36. Rh1 f4 37. gxf4 exf4 38. Kb3 f3 39. Rf1 f2 40. b5 cxb5
41. cxb5 axb5 42. axb5 Ke6 43. Kb4 Kf5 44. b6 Ke4 45. Bf6 Nxf6 46. Rxf2 Nd5+
47. Kc5 Rc8+ 48. Kb5 Rb8 0-1

[Event "35th National Team Chess Championship- 2015"]
[Site "Caritas Goa Holiday Home, NR, Caculo Circle, St In"]
[Date "2015.02.22"]
[Round "4"]
[Board "4"]
[White "Akshat, Khamparia"]
[Black "Snehal, Bhosale"]
[Result "1/2-1/2"]
[WhiteElo "2415"]
[BlackElo "2082"]
[PlyCount "98"]
[EventDate "2015.02.20"]
[EventType "team"]
[EventRounds "9"]
[EventCountry "IND"]
[WhiteTeam "Railways - B"]
[BlackTeam "MCA Senior, Maharashtra"]

1. d4 Nf6 2. c4 e6 3. Nc3 Bb4 4. Nf3 O-O 5. g3 d5 6. Bg2 c6 7. O-O b6 8. a3 Be7
9. Qc2 Bb7 10. b4 dxc4 11. Rd1 b5 12. e4 a5 13. bxa5 Qxa5 14. e5 Nd5 15. Ne4
Qa4 16. Qe2 b4 17. Bg5 Bxg5 18. Nfxg5 h6 19. Nc5 Nc3 20. Qxc4 Qc2 21. Kh1 Ba6
22. Nxa6 Rxa6 23. Ne4 Rxa3 24. Nxc3 Rxa1 25. Rxa1 bxc3 26. Kg1 Qb2 27. Ra2 Qb5
28. Bf1 Qxc4 29. Bxc4 c5 30. dxc5 Rc8 31. Bd3 Nd7 32. Rc2 Rxc5 33. f4 Nb6 34.
Be4 g5 35. Kf2 gxf4 36. gxf4 Rc4 37. Ke3 Na4 38. Kd3 Rc7 39. Kd4 f5 40. exf6
Kf7 41. Rg2 Kxf6 42. Rg6+ Kf7 43. Rxh6 Rd7+ 44. Ke5 Rd2 45. Rh7+ Kg8 46. Ra7
Nc5 47. Rc7 Nxe4 48. Kxe4 Rxh2 49. Rxc3 Kf7 1/2-1/2

[Event "35th National Team Chess Championship- 2015"]
[Site "Caritas Goa Holiday Home, NR, Caculo Circle, St In"]
[Date "2015.02.23"]
[Round "5"]
[Board "1"]
[White "Adhiban, B."]
[Black "Karthikeyan, P."]
[Result "1-0"]
[WhiteElo "2630"]
[BlackElo "2442"]
[PlyCount "111"]
[EventDate "2015.02.20"]
[EventType "team"]
[EventRounds "9"]
[EventCountry "IND"]
[WhiteTeam "Petroleum Sports Promotion Board"]
[BlackTeam "Railways - A"]

1. d4 Nf6 2. c4 e6 3. Nc3 Bb4 4. e3 O-O 5. Bd3 c5 6. Nf3 d5 7. O-O dxc4 8. Bxc4
Nbd7 9. Qb3 Qe7 10. Rd1 a6 11. a4 Rd8 12. dxc5 Bxc5 13. e4 Nb6 14. Bg5 Rxd1+
15. Rxd1 h6 16. Bxf6 gxf6 17. Be2 Nd7 18. Rd2 b6 19. Qd1 Nf8 20. Rd8 a5 21. Bb5
Bb7 22. Rd3 Kh7 23. h4 Qc7 24. Qd2 Bb4 25. Nh2 h5 26. Qe2 Kh6 27. Nf3 Qf4 28.
g3 Qc7 29. e5 f5 30. Ng5 Rc8 31. Nh3 Ba8 32. Nf4 Be7 33. Qxh5+ Kg7 34. Qe2 Qb7
35. f3 Rd8 36. Kg2 Ng6 37. Nxg6 fxg6 38. Rxd8 Bxd8 39. Bc4 Qd7 40. Nb5 Be7 41.
Nd6 Bxd6 42. exd6 Qxd6 43. Qxe6 Qxe6 44. Bxe6 Bc6 45. Bb3 Kf6 46. Kf2 g5 47. f4
gxf4 48. gxf4 Be4 49. Ke3 Kg6 50. Bd1 Bg2 51. Bf3 Bxf3 52. Kxf3 Kh5 53. Ke3
Kxh4 54. Kd4 Kg3 55. Ke5 Kg4 56. b3 1-0

[Event "35th National Team Chess Championship- 2015"]
[Site "Caritas Goa Holiday Home, NR, Caculo Circle, St In"]
[Date "2015.02.23"]
[Round "5"]
[Board "2"]
[White "Deepan, Chakkravarthy J."]
[Black "Gupta, Abhijeet"]
[Result "1/2-1/2"]
[WhiteElo "2487"]
[BlackElo "2622"]
[PlyCount "47"]
[EventDate "2015.02.20"]
[EventType "team"]
[EventRounds "9"]
[EventCountry "IND"]
[WhiteTeam "Railways - A"]
[BlackTeam "Petroleum Sports Promotion Board"]

1. e4 e5 2. Nf3 Nc6 3. Bb5 Nf6 4. O-O Nxe4 5. Re1 Nd6 6. Nxe5 Be7 7. Bf1 Nxe5
8. Rxe5 O-O 9. d4 Bf6 10. Re1 Re8 11. Bf4 Rxe1 12. Qxe1 Ne8 13. Nc3 Bxd4 14.
Nd5 c6 15. Ne7+ Kf8 16. Nxc8 Qf6 17. Qb4+ c5 18. Qd2 Rxc8 19. c3 Be5 20. Bxe5
Qxe5 21. Qxd7 Qc7 22. Rd1 Qxd7 23. Rxd7 Rc7 24. Rd1 1/2-1/2

[Event "35th National Team Chess Championship- 2015"]
[Site "Caritas Goa Holiday Home, NR, Caculo Circle, St In"]
[Date "2015.02.23"]
[Round "5"]
[Board "3"]
[White "Vidit, Santosh Gujrathi"]
[Black "Das, Arghyadip"]
[Result "1-0"]
[WhiteElo "2617"]
[BlackElo "2476"]
[PlyCount "40"]
[EventDate "2015.02.20"]
[EventType "team"]
[EventRounds "9"]
[EventCountry "IND"]
[WhiteTeam "Petroleum Sports Promotion Board"]
[BlackTeam "Railways - A"]

1. d4 Nf6 2. c4 e6 3. Nf3 Bb4+ 4. Nbd2 d5 5. e3 O-O 6. a3 Be7 7. Bd3 a5 8. O-O
c5 9. b3 Nc6 10. Bb2 b6 11. cxd5 exd5 12. dxc5 Bxc5 13. e4 Bg4 14. e5 Nd7 15.
Re1 Re8 16. h3 Be6 17. Nf1 Rc8 18. Ne3 Nf8 19. Bb5 d4 20. Nc4 Ng6 1-0

[Event "35th National Team Chess Championship- 2015"]
[Site "Caritas Goa Holiday Home, NR, Caculo Circle, St In"]
[Date "2015.02.23"]
[Round "5"]
[Board "4"]
[White "Thejkumar, M. S."]
[Black "Ganguly, Surya Shekhar"]
[Result "1/2-1/2"]
[WhiteElo "2438"]
[BlackElo "2595"]
[PlyCount "55"]
[EventDate "2015.02.20"]
[EventType "team"]
[EventRounds "9"]
[EventCountry "IND"]
[WhiteTeam "Railways - A"]
[BlackTeam "Petroleum Sports Promotion Board"]

1. d4 d5 2. Nf3 Nf6 3. c4 dxc4 4. e3 e6 5. Bxc4 c5 6. O-O a6 7. Qe2 b5 8. Bd3
Bb7 9. a4 b4 10. Rd1 Nbd7 11. Nbd2 Be7 12. a5 O-O 13. Nc4 Qc7 14. Bd2 Be4 15.
Bxe4 Nxe4 16. Nfe5 Nef6 17. Be1 cxd4 18. Nxd7 Nxd7 19. exd4 Rfe8 20. Bd2 Qb7
21. Bf4 Qb5 22. Kf1 Qb7 23. Qf3 Qb5 24. Qe2 Qb7 25. Qf3 Qb5 26. Qd3 Qb7 27. Qf3
Qb5 28. Qe2 1/2-1/2

[Event "35th National Team Chess Championship- 2015"]
[Site "Caritas Goa Holiday Home, NR, Caculo Circle, St In"]
[Date "2015.02.23"]
[Round "5"]
[Board "1"]
[White "Roy Chowdhury, Saptarshi"]
[Black "Visakh, Nr"]
[Result "1/2-1/2"]
[WhiteElo "2426"]
[BlackElo "2375"]
[PlyCount "70"]
[EventDate "2015.02.20"]
[EventType "team"]
[EventRounds "9"]
[EventCountry "IND"]
[WhiteTeam "Railways - B"]
[BlackTeam "Airport Authority of India"]

1. e4 c5 2. Nf3 d6 3. Bc4 Nf6 4. d3 Nc6 5. h3 e6 6. Bb3 Be7 7. c3 O-O 8. O-O b6
9. Re1 Ba6 10. Bc2 Rc8 11. Nbd2 Nd7 12. Nf1 Nde5 13. N1h2 Qd7 14. Bf4 Ng6 15.
Bg3 f5 16. exf5 exf5 17. Nf1 Kh8 18. d4 cxd4 19. cxd4 Nb4 20. Bb1 Nd5 21. Ne3
Bb7 22. Bh2 Nxe3 23. fxe3 Nh4 24. Nxh4 Bxh4 25. Re2 Bg5 26. Bd3 Rce8 27. Qd2
Qc6 28. Rc1 Qd7 29. Rce1 Qe6 30. b3 Qg6 31. Bf4 Bxf4 32. exf4 Rxe2 33. Rxe2 Qf6
34. Qe3 h6 35. Kh2 Be4 1/2-1/2

[Event "35th National Team Chess Championship- 2015"]
[Site "Caritas Goa Holiday Home, NR, Caculo Circle, St In"]
[Date "2015.02.23"]
[Round "5"]
[Board "2"]
[White "Nitin, S."]
[Black "Swapnil, S. Dhopade"]
[Result "0-1"]
[WhiteElo "2357"]
[BlackElo "2438"]
[PlyCount "118"]
[EventDate "2015.02.20"]
[EventType "team"]
[EventRounds "9"]
[EventCountry "IND"]
[WhiteTeam "Airport Authority of India"]
[BlackTeam "Railways - B"]

1. e4 c6 2. d4 d5 3. Nc3 dxe4 4. Nxe4 Bf5 5. Ng3 Bg6 6. N1e2 e6 7. Nf4 Bd6 8.
h4 Qc7 9. Nxg6 hxg6 10. Ne4 Bf4 11. g3 Bxc1 12. Qxc1 Ne7 13. Qe3 Nf5 14. Qa3
Qe7 15. Qxe7+ Kxe7 16. O-O-O Nd7 17. Bg2 Rac8 18. Rhe1 Rhd8 19. c3 b6 20. Re2
Nf6 21. Ng5 Rd6 22. Nf3 c5 23. dxc5 Rxc5 24. Ne5 Nd4 25. Rxd4 Rxd4 26. Nc6+
Rxc6 27. Bxc6 Rc4 28. Bf3 Rc5 29. Kc2 g5 30. hxg5 Rxg5 31. a4 Rf5 32. Bg2 g5
33. b4 g4 34. Kd3 Nd7 35. Kd4 Kd6 36. Rd2 Re5 37. Kc4+ Kc7 38. Ra2 f5 39. a5
b5+ 40. Kd3 Re1 41. a6 Ne5+ 42. Kd2 Rg1 43. Bb7 Nc4+ 44. Ke2 Rc1 45. Kd3 e5 46.
Re2 Kd6 47. Ra2 e4+ 48. Ke2 Rxc3 49. Bc8 Rf3 50. Ra1 e3 51. fxe3 Kc7 52. Bb7
Rxg3 53. e4 f4 54. Rh1 Re3+ 55. Kf2 g3+ 56. Kg2 Re2+ 57. Kf3 Rf2+ 58. Kg4 g2
59. Rh7+ Kd8 0-1

[Event "35th National Team Chess Championship- 2015"]
[Site "Caritas Goa Holiday Home, NR, Caculo Circle, St In"]
[Date "2015.02.23"]
[Round "5"]
[Board "3"]
[White "Akshat, Khamparia"]
[Black "Swayams, Mishra"]
[Result "0-1"]
[WhiteElo "2415"]
[BlackElo "2481"]
[PlyCount "72"]
[EventDate "2015.02.20"]
[EventType "team"]
[EventRounds "9"]
[EventCountry "IND"]
[WhiteTeam "Railways - B"]
[BlackTeam "Airport Authority of India"]

1. d4 Nf6 2. Bg5 e6 3. e4 h6 4. Bxf6 Qxf6 5. c3 g6 6. Bd3 d6 7. Ne2 Bg7 8. O-O
Qe7 9. Nd2 O-O 10. f4 Nd7 11. Nc4 e5 12. a4 c6 13. Qb3 Rb8 14. Qa3 c5 15. Rad1
b6 16. f5 Kh7 17. dxc5 dxc5 18. Ng3 Bb7 19. Ne3 Nf6 20. Qb3 Rbd8 21. fxg6+ fxg6
22. Qc2 c4 23. Bxc4 Qc5 24. Qe2 Rxd1 25. Rxd1 Nxe4 26. Rd7 Qc8 27. Be6 Qc6 28.
Bh3 Nc5 29. Rd1 Qxa4 30. b4 Ne4 31. Nxe4 Bxe4 32. Re1 Qc6 33. Nc4 Bd5 34. Nxe5
Qxc3 35. Nd7 Rf7 36. Bg4 Qd4+ 0-1

[Event "35th National Team Chess Championship- 2015"]
[Site "Caritas Goa Holiday Home, NR, Caculo Circle, St In"]
[Date "2015.02.23"]
[Round "5"]
[Board "4"]
[White "Stany, G.A."]
[Black "Palit, Somak"]
[Result "1/2-1/2"]
[WhiteElo "2381"]
[BlackElo "2405"]
[PlyCount "92"]
[EventDate "2015.02.20"]
[EventType "team"]
[EventRounds "9"]
[EventCountry "IND"]
[WhiteTeam "Airport Authority of India"]
[BlackTeam "Railways - B"]

1. e4 e6 2. d4 d5 3. e5 c5 4. c3 Nc6 5. Nf3 Bd7 6. Be2 f6 7. O-O fxe5 8. Nxe5
Nxe5 9. dxe5 Qc7 10. c4 O-O-O 11. Re1 Ne7 12. Nc3 Qxe5 13. cxd5 Nxd5 14. Bf3
Qd4 15. Qxd4 cxd4 16. Nxd5 exd5 17. Bg5 Bb4 18. Rec1+ Bc6 19. Bxd8 Kxd8 20. Rd1
Bc5 21. Rac1 Bb6 22. Be2 Kd7 23. Bd3 Kd6 24. Re1 Bd7 25. g3 Ba5 26. Re2 Bg4 27.
Rec2 h6 28. Kg2 Rf8 29. f4 Re8 30. h3 Bd7 31. Re2 Re3 32. Rxe3 dxe3 33. g4 d4
34. Kf3 Bc6+ 35. Ke2 Bd8 36. Rg1 Bh4 37. b4 Bf2 38. Rc1 Bg3 39. Rc4 Bxf4 40. b5
Bg2 41. Rxd4+ Ke5 42. Ra4 Bg5 43. h4 Bxh4 44. Kxe3 Be7 45. Rc4 Bd5 46. Rc7 Kd6
 1/2-1/2

[Event "35th National Team Chess Championship- 2015"]
[Site "Caritas Goa Holiday Home, NR, Caculo Circle, St In"]
[Date "2015.02.23"]
[Round "5"]
[Board "1"]
[White "Narayanan, Srinath"]
[Black "Dodeja, Pawan"]
[Result "1-0"]
[WhiteElo "2456"]
[BlackElo "2179"]
[PlyCount "91"]
[EventDate "2015.02.20"]
[EventType "team"]
[EventRounds "9"]
[EventCountry "IND"]
[WhiteTeam "Air India"]
[BlackTeam "MCA Senior, Maharashtra"]

1. e4 c5 2. Nf3 d6 3. d4 cxd4 4. Nxd4 Nf6 5. Nc3 g6 6. Be3 Bg7 7. f3 Nc6 8. Qd2
O-O 9. O-O-O d5 10. Qe1 e5 11. Nxc6 bxc6 12. exd5 cxd5 13. Bg5 Be6 14. Bc4 Qc7
15. Bxf6 dxc4 16. Bxg7 Kxg7 17. Nd5 Bxd5 18. Rxd5 Rfe8 19. Qc3 Kg8 20. g3 e4
21. fxe4 Rxe4 22. Rhd1 Rae8 23. Rd7 Qc5 24. Qf6 Qe3+ 25. Kb1 R4e7 26. a4 h5 27.
Rxe7 Qxe7 28. Qc6 Qe4 29. Qxe4 Rxe4 30. Rd7 Re2 31. Rxa7 Rxh2 32. a5 h4 33.
gxh4 Rxh4 34. a6 Rh5 35. Rd7 Ra5 36. a7 Kg7 37. b4 cxb3 38. cxb3 Kf6 39. b4 Ra4
40. b5 Ke6 41. Rb7 Kd5 42. b6 Kc6 43. Rb8 g5 44. a8=Q+ Rxa8 45. Rxa8 Kxb6 46.
Rf8 1-0

[Event "35th National Team Chess Championship- 2015"]
[Site "Caritas Goa Holiday Home, NR, Caculo Circle, St In"]
[Date "2015.02.23"]
[Round "5"]
[Board "2"]
[White "Pranav, Shetty"]
[Black "Bakre, Tejas"]
[Result "0-1"]
[WhiteElo "2211"]
[BlackElo "2457"]
[PlyCount "34"]
[EventDate "2015.02.20"]
[EventType "team"]
[EventRounds "9"]
[EventCountry "IND"]
[WhiteTeam "MCA Senior, Maharashtra"]
[BlackTeam "Air India"]

1. e4 c5 2. Nc3 d6 3. Bb5+ Bd7 4. a4 Nf6 5. Nge2 g6 6. O-O Bg7 7. d3 O-O 8. h3
Nc6 9. Be3 a6 10. Bc4 Na5 11. Qd2 Bc6 12. Ba2 b5 13. axb5 axb5 14. e5 dxe5 15.
Bxc5 Nb7 16. Bb4 Nd6 17. Ng3 h5 0-1

[Event "35th National Team Chess Championship- 2015"]
[Site "Caritas Goa Holiday Home, NR, Caculo Circle, St In"]
[Date "2015.02.23"]
[Round "5"]
[Board "3"]
[White "Satyapragyan, Swayangsu"]
[Black "Snehal, Bhosale"]
[Result "1/2-1/2"]
[WhiteElo "2409"]
[BlackElo "2082"]
[PlyCount "55"]
[EventDate "2015.02.20"]
[EventType "team"]
[EventRounds "9"]
[EventCountry "IND"]
[WhiteTeam "Air India"]
[BlackTeam "MCA Senior, Maharashtra"]

1. e4 e5 2. Nf3 Nc6 3. Bb5 f5 4. d3 fxe4 5. dxe4 Nf6 6. Bg5 Bc5 7. Nc3 d6 8.
Bc4 Na5 9. Bb5+ Nc6 10. Qe2 O-O 11. Nd5 Kh8 12. Bc4 Bg4 13. c3 Nxd5 14. Bxd8
Nf4 15. Qf1 Nxg2+ 16. Qxg2 Bxf3 17. Qh3 Bxh1 18. Bh4 Bxe4 19. Be2 d5 20. O-O-O
Bxf2 21. Bxf2 Rxf2 22. Qe3 Raf8 23. Rg1 Bg6 24. Rxg6 hxg6 25. Qh3+ Kg8 26. Qe6+
Kh7 27. Qh3+ Kg8 28. Qe6+ 1/2-1/2

[Event "35th National Team Chess Championship- 2015"]
[Site "Caritas Goa Holiday Home, NR, Caculo Circle, St In"]
[Date "2015.02.23"]
[Round "5"]
[Board "4"]
[White "Bartakke, Amardeep S."]
[Black "Gokhale, Chandrashekhar"]
[Result "0-1"]
[WhiteElo "2182"]
[BlackElo "2233"]
[PlyCount "110"]
[EventDate "2015.02.20"]
[EventType "team"]
[EventRounds "9"]
[EventCountry "IND"]
[WhiteTeam "MCA Senior, Maharashtra"]
[BlackTeam "Air India"]

1. e4 d6 2. Nc3 g6 3. d4 Bg7 4. Be3 c6 5. Qd2 d5 6. f3 Nf6 7. O-O-O h5 8. Kb1
a6 9. Nge2 b5 10. e5 Ng8 11. Nf4 e6 12. h4 c5 13. dxc5 Nc6 14. Bd4 Nge7 15. g4
Nxd4 16. Qxd4 Nc6 17. Qe3 d4 18. Qe4 Qc7 19. Bxb5 Bb7 20. Rxd4 axb5 21. Nxb5
Qxe5 22. Nd6+ Ke7 23. Rb4 Rhb8 24. Nxg6+ fxg6 25. Qxg6 Qf6 26. Rxb7+ Rxb7 27.
Qxf6+ Bxf6 28. Nxb7 Rb8 29. Nd6 Rxb2+ 30. Kc1 Rxa2 31. Kd2 Nd4 32. Rf1 Nb3+ 33.
Ke3 Nxc5 34. Ne4 Nxe4 35. Kxe4 Ra4+ 36. Kd3 hxg4 37. fxg4 Rxg4 38. Rb1 Rxh4 39.
Rb7+ Kd6 40. Rb6+ Kd5 41. Rb5+ Kc6 42. Ra5 Rh3+ 43. Ke2 Rc3 44. Kd2 Rc5 45. Ra7
Kd5 46. Kd3 Rc3+ 47. Kd2 Rc4 48. Rf7 Bg5+ 49. Kd3 Rd4+ 50. Kc3 Bd2+ 51. Kb3
Rb4+ 52. Ka2 Rb6 53. Rc7 Bf4 54. Rc8 Bd6 55. Rg8 e5 0-1

[Event "35th National Team Chess Championship- 2015"]
[Site "Caritas Goa Holiday Home, NR, Caculo Circle, St In"]
[Date "2015.02.23"]
[Round "6"]
[Board "1"]
[White "Laxman, R.R."]
[Black "Adhiban, B."]
[Result "1/2-1/2"]
[WhiteElo "2377"]
[BlackElo "2630"]
[PlyCount "29"]
[EventDate "2015.02.20"]
[EventType "team"]
[EventRounds "9"]
[EventCountry "IND"]
[WhiteTeam "Railways - B"]
[BlackTeam "Petroleum Sports Promotion Board"]

1. d4 Nf6 2. Nf3 g6 3. Bg5 Bg7 4. Nbd2 O-O 5. c3 d6 6. e4 h6 7. Bxf6 Bxf6 8.
Be2 e5 9. d5 Bg7 10. h4 f5 11. Qc2 c6 12. Qb3 Kh8 13. h5 g5 14. exf5 Nd7 15.
Ne4 1/2-1/2

[Event "35th National Team Chess Championship- 2015"]
[Site "Caritas Goa Holiday Home, NR, Caculo Circle, St In"]
[Date "2015.02.23"]
[Round "6"]
[Board "2"]
[White "Gupta, Abhijeet"]
[Black "Roy Chowdhury, Saptarshi"]
[Result "1-0"]
[WhiteElo "2622"]
[BlackElo "2426"]
[PlyCount "73"]
[EventDate "2015.02.20"]
[EventType "team"]
[EventRounds "9"]
[EventCountry "IND"]
[WhiteTeam "Petroleum Sports Promotion Board"]
[BlackTeam "Railways - B"]

1. d4 d5 2. c4 e6 3. Nc3 Nf6 4. Bg5 Be7 5. e3 h6 6. Bh4 O-O 7. Nf3 Ne4 8. Bxe7
Qxe7 9. Rc1 c6 10. Qc2 Nxc3 11. Qxc3 Nd7 12. Be2 dxc4 13. Qxc4 e5 14. O-O Re8
15. Rfd1 e4 16. Nd2 Nb6 17. Qc5 Qf6 18. b4 Bd7 19. b5 cxb5 20. Bxb5 Rac8 21.
Qb4 Bxb5 22. Qxb5 Qe6 23. Nb3 f5 24. h3 Qf7 25. Rc5 Rf8 26. Rxc8 Rxc8 27. d5
Rd8 28. d6 f4 29. Nc5 f3 30. Qb3 Nc4 31. Nxb7 Rd7 32. Rd4 Kh7 33. Qxc4 Qg6 34.
g4 Rxb7 35. d7 Rb1+ 36. Kh2 Qf6 37. Qd5 1-0

[Event "35th National Team Chess Championship- 2015"]
[Site "Caritas Goa Holiday Home, NR, Caculo Circle, St In"]
[Date "2015.02.23"]
[Round "6"]
[Board "3"]
[White "Swapnil, S. Dhopade"]
[Black "Vidit, Santosh Gujrathi"]
[Result "1/2-1/2"]
[WhiteElo "2438"]
[BlackElo "2617"]
[PlyCount "22"]
[EventDate "2015.02.20"]
[EventType "team"]
[EventRounds "9"]
[EventCountry "IND"]
[WhiteTeam "Railways - B"]
[BlackTeam "Petroleum Sports Promotion Board"]

1. d4 Nf6 2. c4 e6 3. Nf3 b6 4. g3 Bb4+ 5. Bd2 Bxd2+ 6. Qxd2 Bb7 7. Bg2 O-O 8.
O-O d6 9. Nc3 Ne4 10. Nxe4 Bxe4 11. Qe3 Bb7 1/2-1/2